| 000 | 00539nam a2200157Ia 4500 | ||
|---|---|---|---|
| 008 | 191017s9999 xx 000 0 und d | ||
| 020 | _a9780323533621 | ||
| 100 | _aHaddad, Amy Marie. | ||
| 245 |
_cAmy Marie Haddad, Regina F. Doherty, & Ruth B. Purtilo.-- _aHealth professional and patient interaction / |
||
| 250 | _a9th ed. | ||
| 260 |
_aSt. Louis, Missouri : _bElseiver, _c2019. |
||
| 300 | _a ix, 278 pages: | ||
| 500 | _aIncludes index. | ||
| 650 | _a Medical personnel and patient. | ||
| 650 | _aProfessional-Patient Relations. | ||
| 999 |
_c362252 _d362252 |
||